000 00799nam a2200193Ii 4500
003 JO-AjNU
008 230605s9999||||xx |||||||||||||| ||und||
040 _aJO-AjNU
_bara
_erda
_cJO-AjNU
041 _aara
050 1 4 _aDS154.5 .T38 2016
100 3 _aتاليف وإعداد الطورة، محمد محمود,
_eauthor
_956891
245 0 0 _aمن عبدالله الأول إلى عبدالله الثاني
264 3 1 _aعمان: المؤلف، 2016
300 _a495ص
_bيشتمل على صور فوتوغرافية
336 _atext
_btxt
_2rdacontent
337 _aunmediated
_bn
_2rdamedia
338 _avolume
_bnc
_2rdacarrier
650 4 _aالاردن - تاريخ - عبدالله الاول بن الحسين 1921-1951 - عبدالله الثاني بن الحسين، 1999
_956892
999 _aA25462
_c29030
_d29030